Statistics for Bonaire Quiz

Click here to take the quiz!

General Stats

  • This quiz has been taken 19 times
  • The average score is 4 of 10

Answer Stats

QuestionAnswer% Correct
What country does Bonaire belong to?Netherlands
100%
Official Language of BonaireDutch
87%
What non-island country is it nearVenezuela
60%
Official CurrencyUS Dollar
53%
Capital of BonaireKralendijk
33%
Type of Portuguese-based creole spoken on the islandPapiamento
33%
What former territory Bonaire was part, Until it was dissolutedNetherlands Antilles
13%
Governor of BonaireEdison Rijna
7%
Population if you round it to the nearest whole number.20,100
0%
What islands is Bonaire part of?Leeward Antillwa
0%

Score Distribution

Percentile by Number Answered

Percent of People with Each Score

Your Score History

You have not taken this quiz